Città con gli Edifici più alti - Australia - Statistics

Statistiche generali
  • Questo quiz è stato fatto 13 volte
  • Il punteggio medio è 9 su 10
Statistiche sulle risposte
Edificio Altezza (m) Città % Corretto
Australia 108 316,7 Melbourne
100%
Eureka Skydeck 297,3 Melbourne
100%
Aurora Melbourne Central 270,5 Melbourne
100%
West Side Place Tower A 268,7 Melbourne
100%
120 Collins Street 265 Melbourne
100%
Crown Sydney 271,3 Sydney
100%
Torre Salesforce 263 Sydney
100%
Brisbane Skytower 269,6 Brisbane
73%
The One 264 Brisbane
73%
Q1 322,5 Gold Coast
36%
Nessun quiz corrispondente trovato
Distribuzione punteggi
Percentuale di utenti per punteggio
Percentile per numero di risposta
I tuoi punteggi nel tempo
Non hai fatto questo quiz